Statistics for Rock Albums #10

Click here to take the quiz!

General Stats

  • This quiz has been taken 19 times
  • The average score is 5 of 20

Answer Stats

AlbumYear of releaseArtist% Correct
Help!1965The Beatles
94%
Paranoid1970Black Sabbath
89%
Pet sounds1966The beach boys
89%
Imagine1971John Lennon
83%
Cloud nine1987George Harrison
33%
Music from the elder1981Kiss
22%
Abbath2016Abbath
17%
Spreading the Disease1985Anthrax
11%
The Satanist2014Behemoth
11%
Take of your pants and jacket2001Blink-182
11%
Transylvanian Hunger1994Darkthrone
11%
Deathcrush1993Mayhem
11%
Hammerheart1990Bathory
6%
Slip it in1984Black flag
6%
Resurrection2000Halford
6%
Chuck2004Sum 41
6%
Drunk enough to dance2002Bowling for soup
0%
Songs of love and death2017Me and that man
0%
Bent out of shape1983Rainbow
0%
Freedumb1999Suicidal Tendencies
0%

Score Distribution

Percentile by Number Answered

Percent of People with Each Score

Your Score History

You have not taken this quiz